Open Data Biblioteca Nacional de Portugal


República Portuguesa: Ministério da Cultura
Biblioteca Nacional de Portugal

Catálogo da BNP: acesso por Identificadores Unívocos
Registos Bibliográficos associados ao registo de autoridade

Etiqueta de registo: 00254nam 2200025 450
001 2272398
003 http://id.bnportugal.gov.pt/bib/catbnp/2272398
021 ## $aPT$b555169/25
100 ## $a20260226d2025 m y0pory01030103ba
101 0# $apor
102 ## $aPT
105 ## $aa t 000zy
106 ## $ar
200 1# $aCadáver esquisito$fed., grafista, il. e coord. Daniel Maia$gautores André Caetano... [et al.]$gil. Nuno R. Silva
205 ## $a1ª ed
210 #9 $a[S.l.]$cArga Warga,$d2025
215 ## $a63, [1] p.$cil.$d25 cm
675 ## $a741(=1:469)"20"$vBN$zpor$31483725
675 ## $a821.134.3-9"20"$vBN$zpor$31095958
701 #1 $aCaetano,$bAndré,$f1983-$4070$31419212
701 #1 $aSilva,$bNuno R.$4440$31987656
702 #1 $92$aMaia,$bDaniel,$f1978-$4340$31850559
801 #0 $aPT$bBN$gRPC
856 41 $uhttp://rnod.bnportugal.gov.pt/ImagesBN/winlibimg.aspx?skey=&doc=2272398&img=220245&save=true
900 ## $aBIBNAC$d20260324
966 ## $lBN$mFGMON$sB.A. 53324 V.$x1
971 ## $ccsilva$d20260226
972 ## $e0$z0$d20260324$vasantos
973 ## $caalmeid$d20260311

OpendataBNP@bnportugal.pt | Mais informação sobre acesso aos dados BNP